000
00346nam a2200145Ia 4500
008
231217s9999 xx 000 0 und d
041
_a
English
082
_a
621.3813 GIR
100
_a
Giridhar, K
245
0
_a
Microwave devices and circuits
260
_c
2000
_b
Pooja Publ.
300
_a
280
650
_a
Microwave devices
942
_c
AA
999
_c
169833
_d
169833